1665 1383 1504 1434 1246 1949 1483 1517 1450 1275 1024 1140 1621 1016 1963 1097 1961 1332 1131 1798 1230 1580 1903 1041 1309 1831 1404 1404 1161 1504 1044 1751 1081 1469 1848 1589 1012 1791 1266 1268 1147 1910 1069 1578 1735 1354 1683 1784 1187 1977 1518 1112 1735 1447 1735 1576 1813 1434 1800 1113 1093 1312 1573 1541 1348 1795 1082 1397 1810 1817 1559 1426 1879 1254 1873 1211 1837 1743 1620 1169 1801 1834 1872 1699 1074 1225 1909 1004 1512 1464 1628 1351 1199 1875 1378 1786 1008 1061 1850 BCNSPRNW ULIB Ver.6.0+V

เปลี่ยนเป็นภาษาไทย

Change to English
 แสดงรายละเอียดบรรณานุกรม
  กลับหน้าหลัก

Brief Record : Get Marc (ISO 2709) : E-mail record : QR code < ปิดหน้าต่าง
LEADER : 00000nam 2200000uu 4500
001    13399112098
003     ULIB
008    110726s2550||||th 000 0 tha d
020    9742131325
020    9789742131326
050  4 HA32^bย351ว ล.4 2550
100 0  ยุทธ ไกยวรรณ์
245 10 วิเคราะห์ข้อมูลวิจัย 4 =^bStep by step SPSS 4 /^cยุทธ ไกรวรรณ์
246 31 Step by step SPSS 4
260    กรุงเทพฯ :^bศูนย์สื่อเสริมกรุงเทพ,^c2550
300    223 หน้า :^bภาพประกอบ ;^c26 ซม.
650  4 เอสพีเอสเอส (โปรแกรมคอมพิวเตอร์)
650  4 เอสพีเอสเอสสำหรับวินโดวส์
650  4 สถิติ^xการประมวลผลข้อมูล
650  4 สถิติ^xโปรแกรมคอมพิวเตอร์
945    ^p175^l0^i023973
945    ^p175^l0^i023974
995    ทศพร
999 ^a ทศพร
รายการนี้ยังไม่มีแท็ก
คุณยังไม่ได้ล็อกอิน คุณสามารถมีกิจกรรมร่วมกับเว็บไซต์ได้ แต่ต้องล็อกอินก่อน ::
  ล็อกอิน

รายการสื่อสารสนเทศ

ลำดับที่ ประเภท เลขเรียก/บาร์โค้ด สถานที่ สถานะ
- ไม่พบข้อมูล -

รายการใกล้เคียง
    ผู้แต่ง [ยุทธ ไกยวรรณ์]

    หัวเรื่อง [เอสพีเอสเอส (โปรแกรมคอมพิวเตอร์)]
    หัวเรื่อง [เอสพีเอสเอสสำหรับวินโดวส์]

BibComment


ยังไม่เคยถูกคอมเมนท์

คอมเมนท์ทรัพยากรรายการนี้
  คอมเมนท์: วิเคราะห์ข้อมูลวิ..


 Copyright 2026. Bcnsprnw @Library